| 000 | 00000nam##2200000za#4500 |
| 001 | 9.644317 |
| 003 | CaOODSP |
| 005 | 20210624224602 |
| 007 | cr ||||||||||| |
| 008 | 150407|2007||||xxc|||||o f|0| 0 fre|d |
| 040 | |aCaOODSP|bfre |
| 043 | |an-cn--- |
| 086 | 1 |aR5-40/2007F-PDF |
| 110 | 1 |aCanada.|bAffaires indiennes et du Nord. |bDirection générale de l'évaluation et de la vérification interne. |
| 245 | 10|aÉvaluation du Programme des services à l'enfance et à la famille des Premières nations |h[ressource électronique] |
| 260 | |aOttawa - Ontario : |bAffaires indiennes et du Nord. |cMars 2007. |
| 300 | |a67p.|bfigure, graphique, tableaux |
| 590 | |a15-03-Supp|b2015-03-13 |
| 691 | 07|aJeune autochtone|2gcpds |
| 691 | 07|aProgramme pour autochtones|2gcpds |
| 775 | 08|tEvaluation of the First Nations Child and Family Services Program |w(CaOODSP)9.700428 |
| 856 | 40|ahttp://publications.gc.ca|qPDF|s406 Ko|uhttps://publications.gc.ca/collections/collection_2015/aadnc-aandc/R5-40-2007-fra.pdf |
| 986 | |aProjet 06/07 |